=LDR 00000nam 2200000 4500 =001 NUTBA000000000003115 =005 20140722125619.0 =006 =007 =008 =035 ##$$a 0010-071400000000303 =082 ##$$a 808.825 27 =090 ##$$a 808.825 27 $b mar k =100 ##$$a ann m. martin $t little sister super special #3 =245 ##$$a little sister super special #3 =260 ##$$a usa $b first scholastic printing,usa $c 1991 =300 ##$$a 129 hlm $b illus $c 18 cm. =850 ##$$a NBPBMAT =990 ##$$a 21400613/BPAP-NTB/20142014 =990 ##$$a 0001/BPAP-NTB/20142014